000 00393nam a2200157Ia 4500
008 230917s9999||||xx |||||||||||||| ||und||
020 _cUSD2.95
040 _e46846
_aMAIN
041 _aEnglish
082 _a822.33 S15R:S
100 _aRabkin, Norman
245 0 _aShakespeare and the common understanding
260 _aNew York
_bFree Press
_c1968
300 _aix, 267 p.
942 _cBK
999 _c188403
_d188403